Open Your Heart Lyrics (Sonic Adventure) - Statistics

General Stats
  • This quiz has been taken 19 times
  • The average score is 277 of 374
Answer Stats
Answer % Correct
a
91%
and
91%
be
91%
be,
91%
I
91%
lightning
91%
AAAALLLLLLLRIGHT!!!
82%
alright.
82%
Alright
82%
alright!
82%
are
82%
can
82%
children
82%
Danger,
82%
do?
82%
do!
82%
go!
82%
gonna
82%
heart,
82%
heart!
82%
how
82%
it
82%
It’s
82%
it’s
82%
Its
82%
last!
82%
long
82%
no
82%
on
82%
one
82%
Open
82%
open
82%
rain
82%
rising
82%
Shadows,
82%
Shadows
82%
the
82%
this
82%
Thunder,
82%
to
82%
track
82%
way
82%
way!
82%
we
82%
we?
82%
What
82%
what
82%
Who
82%
will
82%
Yeah
82%
Yeah!
82%
You
82%
you
82%
your
82%
air
73%
at
73%
attacking
73%
bad
73%
burn
73%
Can’t
73%
clouds
73%
creatures
73%
crying
73%
dark
73%
don't
73%
feel
73%
floating
73%
gotta
73%
Gotta
73%
happen
73%
have
73%
hold
73%
in
73%
keep
73%
let
73%
Little
73%
longer
73%
lose!
73%
me
73%
much
73%
never
73%
own
73%
pain
73%
same
73%
see
73%
see!
73%
sign
73%
sirens
73%
Steel
73%
such
73%
that
73%
There
73%
us?
73%
us
73%
wailing
73%
water
73%
won’t
73%
All
64%
all
64%
But
64%
but
64%
change
64%
chaos
64%
Clamor,
64%
Close
64%
count
64%
crazy!
64%
drive
64%
everyone.
64%
eyes
64%
for
64%
is
64%
know
64%
make,
64%
make
64%
my
64%
not
64%
now
64%
Now
64%
others!
64%
our
64%
People
64%
run
64%
shelter
64%
sick,
64%
stake.
64%
steps
64%
Tell
64%
think
64%
What’s
64%
Ancient
55%
anger
55%
blazing
55%
by
55%
cities
55%
Confusion,
55%
cunning
55%
down
55%
evil
55%
free!
55%
future
55%
going
55%
hate,
55%
heart’s
55%
hopeless
55%
If
55%
I’m
55%
mine
55%
moves
55%
Nor
55%
stop
55%
styles
55%
take,
55%
this’ll
55%
tied
55%
tricks
55%
Yours
55%
dude!
45%
filled
45%
I’ve
45%
set
45%
with
45%
No matching quizzes found
Score Distribution
Percent of People with Each Score
Percentile by Number Answered
Your Score History
You have not taken this quiz